000 00371nam a2200157Ia 4500
999 _c31687
_d31687
003 OSt
005 20250721124051.0
008 250310s9999||||xx |||||||||||||| ||und||
040 _c.
082 _a823
_bL945
100 _96155
_aLudlum, Robert
245 0 _aThe Altman Code /
_cRobert Ludlum
260 _aLondon :
_bOrion,
_c2003.
300 _a410 p.
942 _cBK
_2ddc